| 000 | 00590nam a22001937a 4500 | ||
|---|---|---|---|
| 003 | OSt | ||
| 008 | 260429b |||||||| |||| 00| 0 eng d | ||
| 082 |
_a635.93379 _bT76G |
||
| 100 | _aDas, Kumar Tribeni. | ||
| 245 |
_aGenotype and Environment Interaction and Stability for Yield and Yield Components in Chilli (Capsicum annuum L.) / _cby Kumar Tribeni Das |
||
| 260 |
_aSabour, Bhagalpur _bBihar Agricultural College, RAU _c2006 |
||
| 300 | _a107p. | ||
| 502 |
_bPh.D. _d2006 |
||
| 650 | _aHorticulture | ||
| 650 | _aChilli | ||
| 650 | _aThesis | ||
| 650 | _aPh. D. | ||
| 942 |
_2ddc _cT |
||
| 999 |
_c50270 _d50270 |
||